00857nam a22002537a 45000010005000000030006000050050017000110080041000280200018000690400029000870500013001160820011001291000034001402450065001742500026002392600047002653000023003125050008003355200166003435210020005095210020005296500027005496500027005764473FISKH20241024142441.0240911b cb ||||| |||| 00| 0 eng d a9780152025052 aFISKHbengcFISKHdFISKH aPZ7.E749 2813.54 aEstes, Eleanord(1906–1988) aGinger pye /cEleanor Estes With Illustrations by The Author aFirst edition in 2000 aFlorida :bHarcourt Young Classics,c1951. a307 pages :c20 cm aZ  aThe disappearance of a new puppy named Ginger and the appearance of a mysterious man in a mustard yellow hat bring excitement into the lives of the Pye children.8 a990 bLexile 8 aZ bRaz-Plus  2FictionaNewberyvPets 2SiblingsaAward winner